<?xml version="1.0" encoding="UTF-8"?>
<record
    xmlns:xsi="http://www.w3.org/2001/XMLSchema-instance"
    xsi:schemaLocation="http://www.loc.gov/MARC21/slim http://www.loc.gov/standards/marcxml/schema/MARC21slim.xsd"
    xmlns="http://www.loc.gov/MARC21/slim">

  <leader>04513nam a2200325 i 4500</leader>
  <controlfield tag="001">000027957</controlfield>
  <controlfield tag="003">DO-SdBNP</controlfield>
  <controlfield tag="005">20250911092007.0</controlfield>
  <controlfield tag="007">ta</controlfield>
  <controlfield tag="008">110405s1969    dr            000 0 spa d</controlfield>
  <datafield tag="040" ind1=" " ind2=" ">
    <subfield code="a">DO-SdBNP</subfield>
    <subfield code="b">spa</subfield>
    <subfield code="c">BNPHU</subfield>
    <subfield code="e">rda</subfield>
  </datafield>
  <datafield tag="041" ind1=" " ind2=" ">
    <subfield code="a">spa</subfield>
  </datafield>
  <datafield tag="082" ind1=" " ind2=" ">
    <subfield code="a">917.29 </subfield>
    <subfield code="b">S211g, 1969</subfield>
    <subfield code="2">22</subfield>
  </datafield>
  <datafield tag="100" ind1="1" ind2=" ">
    <subfield code="a">S&#xE1;nchez, Mar&#xED;a Teresa de</subfield>
    <subfield code="e">autora</subfield>
    <subfield code="4">aut.</subfield>
    <subfield code="9">30503</subfield>
  </datafield>
  <datafield tag="245" ind1="1" ind2="0">
    <subfield code="a">Geograf&#xED;a patria :</subfield>
    <subfield code="b">breve desarrollo del programa oficial, tercer curso - educaci&#xF3;n secundaria. /</subfield>
    <subfield code="c">Mar&#xED;a Teresa de S&#xE1;nchez.</subfield>
  </datafield>
  <datafield tag="250" ind1=" " ind2=" ">
    <subfield code="a">Primera edici&#xF3;n</subfield>
  </datafield>
  <datafield tag="264" ind1=" " ind2="1">
    <subfield code="a">Santo Domingo :</subfield>
    <subfield code="b">Editora Nuevo mundo,</subfield>
    <subfield code="c">1969.</subfield>
  </datafield>
  <datafield tag="300" ind1=" " ind2=" ">
    <subfield code="a">109 p&#xE1;ginas ;</subfield>
    <subfield code="c">21 cm.</subfield>
  </datafield>
  <datafield tag="336" ind1=" " ind2=" ">
    <subfield code="a">textos</subfield>
    <subfield code="b">txt</subfield>
    <subfield code="2">rdacontent</subfield>
  </datafield>
  <datafield tag="337" ind1=" " ind2=" ">
    <subfield code="a">sin mediaci&#xF3;n</subfield>
    <subfield code="b">n</subfield>
    <subfield code="2">rdamedia</subfield>
  </datafield>
  <datafield tag="338" ind1=" " ind2=" ">
    <subfield code="a">volumen</subfield>
    <subfield code="b">nc</subfield>
    <subfield code="2">rdacarrier</subfield>
  </datafield>
  <datafield tag="504" ind1=" " ind2=" ">
    <subfield code="a">Bibliograf&#xED;a : p. 108- 109</subfield>
  </datafield>
  <datafield tag="505" ind1="0" ind2=" ">
    <subfield code="t">La isla de Santo Domingo y la Rep&#xFA;blica Dominicana: situaci&#xF3;n, dimensiones y extensi&#xF3;n. Estructura geol&#xF3;gica de la Rep&#xFA;blica Dominicana --</subfield>
    <subfield code="t">Divisi&#xF3;n de la isla de Santo Domingo. Origen hist&#xF3;rico de nuestros l&#xED;mites con Hait&#xED;. Divisi&#xF3;n pol&#xED;tica de la Rep&#xFA;blica Dominicana: provincias, municipios, distritos municipales y secciones. El Distrito Nacional y la Ciudad de Santo Domingo de Guzm&#xE1;n, capital de la Rep&#xFA;blica Dominicana. Principales ciudades de la Rep&#xFA;blica. Dominicanizaci&#xF3;n fronteriza -- </subfield>
    <subfield code="t">La poblaci&#xF3;n dominicana: grupos &#xE9;tnicos que la componen, costumbres, idioma, religi&#xF3;n, etc. Migraci&#xF3;n campesina a la ciudad. Forma de agruparse y distribuirse. Zonas de densidad poblacional, datos estad&#xED;sticos: censos nacionales y estimados peri&#xF3;dicos de la Oficina Nacional de Estad&#xED;stica --</subfield>
    <subfield code="t">Clasificaci&#xF3;n de nuestras costas. Caracter&#xED;sticas de las costas dominicanas. La fosa de Milwaukee. Principales accidentes costeros: islas adyacentes, bah&#xED;as y puertos, cabos y puntas m&#xE1;s importantes, pen&#xED;nsulas. El mar territorial, zona contigua y la plataforma continental -- </subfield>
    <subfield code="t">El relieve del suelo dominicano. Principales sistemas orogr&#xE1;ficos: cordillera Septentrional o sierra de Monte Cristi, Cordillera Central, sierra de Yamas&#xE1;, cordillera Oriental o sierra del Seibo, sierra de Saman&#xE1;, y los Macizos del Sur: sierra de Neyba y sierra de Bahoruco. Valles y llanuras m&#xE1;s importantes. Llanos del interior o de la cordillera Central. Llanos del Norte o del litoral Atl&#xE1;ntico, y llanos del sur o del mar Caribe -- </subfield>
    <subfield code="t">Hidrograf&#xED;a dominicana: generalidades. Las cuatro grandes cuencas fluviales: cuenca de los r&#xED;os Yuna, Yaque del Norte, Artibonito y Yaque del Sur. Las vertientes hidrogr&#xE1;ficas. Vertientes del Atl&#xE1;ntico, del Caribe y de Enriquillo. Saltos y cascadas. Lagos y lagunas. Aguas subterr&#xE1;neas y aguas minerales -- </subfield>
    <subfield code="t">Generalidades sobre el clima dominicano. La temperatura y la presi&#xF3;n atmosf&#xE9;ricas. Isotermas e isobaras. Los vientos. Los alisios. El marero y el terral. El de valle y el de monta&#xF1;a. Los ciclones o huracanes. Las lluvias: sus causas en la Rep&#xFA;blica Dominicana -- </subfield>
    <subfield code="t">La flora dominicana: caracter&#xED;sticas generales y especies m&#xE1;s importantes. La floresta dominicana: problema y soluci&#xF3;n. La fauna dominicana -- </subfield>
    <subfield code="t">Las regiones naturales de la Rep&#xFA;blica Dominicana. La regi&#xF3;n Norte o Cibao y sus comarcas: la L&#xED;nea Noroeste, el Valle de la Vega Real, la Costa Atl&#xE1;ntica, la Pen&#xED;nsula de Saman&#xE1; y los Haitises. La regi&#xF3;n Sur y sus comarcas: El Valle de San Juan, Hoya de Enriquillo, Macizo del Bahoruco y llano Meridional Costero. La regi&#xF3;n Este -- </subfield>
    <subfield code="t">La econom&#xED;a dominicana. Generalidades. Los recursos naturales y su aprovechamiento. La producci&#xF3;n de energ&#xED;a el&#xE9;ctrica. Plantas e instalaciones hidroel&#xE9;ctricas. Los complejos de Tavera y Valdesia. La producci&#xF3;n agr&#xED;cola. Aprovechamiento forestal, Avicultura y Apicultura. Explotaci&#xF3;n de nuestra riqueza minera. Principales industrias dominicanas. El turismo -- </subfield>
    <subfield code="t">El comercio exterior: exportaci&#xF3;n e importaci&#xF3;n. Principales productos de exportaci&#xF3;n. Comercio de importaci&#xF3;n. Art&#xED;culos y pa&#xED;ses de procedencia. Datos estad&#xED;sticos. Las comunicaciones: transporte de personas y productos, comunicaciones postales y el&#xE9;ctricas -- </subfield>
    <subfield code="t">La rep&#xFA;blica de Hait&#xED;: generalidades. La econom&#xED;a haitiana: recursos naturales, producci&#xF3;n y comercio. Divisi&#xF3;n pol&#xED;tica. Hait&#xED; y la Rep&#xFA;blica Dominicana -- </subfield>
    <subfield code="t">Bibliograf&#xED;a /</subfield>
  </datafield>
  <datafield tag="590" ind1=" " ind2=" ">
    <subfield code="a">Inventariado, 2025/ YL</subfield>
  </datafield>
  <datafield tag="650" ind1=" " ind2="7">
    <subfield code="a">Poblaci&#xF3;n</subfield>
    <subfield code="9">4333</subfield>
  </datafield>
  <datafield tag="650" ind1=" " ind2="7">
    <subfield code="a">Geograf&#xED;a pol&#xED;tica-Rep&#xFA;blica Dominicana</subfield>
    <subfield code="9">88618</subfield>
  </datafield>
  <datafield tag="651" ind1=" " ind2=" ">
    <subfield code="a">Antillas (islas)</subfield>
    <subfield code="x">Descripciones</subfield>
    <subfield code="9">88619</subfield>
  </datafield>
  <datafield tag="910" ind1=" " ind2=" ">
    <subfield code="a">YLockward</subfield>
  </datafield>
  <datafield tag="942" ind1=" " ind2=" ">
    <subfield code="2">ddc</subfield>
    <subfield code="c">LBS1</subfield>
  </datafield>
  <datafield tag="952" ind1=" " ind2=" ">
    <subfield code="0">0</subfield>
    <subfield code="1">0</subfield>
    <subfield code="2">ddc</subfield>
    <subfield code="5">1</subfield>
    <subfield code="7">0</subfield>
    <subfield code="8">PD</subfield>
    <subfield code="a">BNPHU</subfield>
    <subfield code="b">BNPHU</subfield>
    <subfield code="c">CT</subfield>
    <subfield code="d">1982-06-17</subfield>
    <subfield code="e">Obsequio</subfield>
    <subfield code="i">LF1</subfield>
    <subfield code="l">0</subfield>
    <subfield code="o">BNPHU PD 917.29 S211g</subfield>
    <subfield code="p">27957-10</subfield>
    <subfield code="r">2020-06-25</subfield>
    <subfield code="w">2020-06-25</subfield>
    <subfield code="y">LBS1</subfield>
    <subfield code="Z">No se presta</subfield>
  </datafield>
  <datafield tag="952" ind1=" " ind2=" ">
    <subfield code="0">0</subfield>
    <subfield code="1">0</subfield>
    <subfield code="2">ddc</subfield>
    <subfield code="5">1</subfield>
    <subfield code="7">0</subfield>
    <subfield code="8">PD</subfield>
    <subfield code="a">BNPHU</subfield>
    <subfield code="b">BNPHU</subfield>
    <subfield code="c">CT</subfield>
    <subfield code="d">2017-12-07</subfield>
    <subfield code="e">Donado por Ilonka Nacidit Perdomo</subfield>
    <subfield code="i">LF1</subfield>
    <subfield code="l">0</subfield>
    <subfield code="o">BNPHU PD 917.29 S211g</subfield>
    <subfield code="p">2025-9904</subfield>
    <subfield code="r">2025-09-11</subfield>
    <subfield code="t">e. 2</subfield>
    <subfield code="w">2025-09-11</subfield>
    <subfield code="y">LBS1</subfield>
  </datafield>
  <datafield tag="952" ind1=" " ind2=" ">
    <subfield code="0">0</subfield>
    <subfield code="1">0</subfield>
    <subfield code="2">ddc</subfield>
    <subfield code="5">6</subfield>
    <subfield code="7">0</subfield>
    <subfield code="8">DS</subfield>
    <subfield code="a">BNPHU</subfield>
    <subfield code="b">BNPHU</subfield>
    <subfield code="c">CT</subfield>
    <subfield code="d">2019-09-03</subfield>
    <subfield code="e">Donaci&#xF3;n </subfield>
    <subfield code="i">LF1</subfield>
    <subfield code="l">0</subfield>
    <subfield code="o">BNPHU DS 917.29 S211g</subfield>
    <subfield code="p">2025-9905</subfield>
    <subfield code="r">2025-09-11</subfield>
    <subfield code="t">e. 3</subfield>
    <subfield code="w">2025-09-11</subfield>
    <subfield code="y">LBS1</subfield>
  </datafield>
  <datafield tag="999" ind1=" " ind2=" ">
    <subfield code="c">27449</subfield>
    <subfield code="d">27449</subfield>
  </datafield>
</record>
